Entre progreso y resistencia. Las universidades ante la prueba de la inteligencia artificial (notice n° 2212508)

détails MARC
000 -LEADER
fixed length control field 01727cam a2200169 4500500
005 - DATE AND TIME OF LATEST TRANSACTION
control field 20260419000351.0
041 ## - LANGUAGE CODE
Language code of text/sound track or separate title fre
042 ## - AUTHENTICATION CODE
Authentication code dc
100 10 - MAIN ENTRY--PERSONAL NAME
Personal name Aguezzoul, Aïcha
Relator term author
245 00 - TITLE STATEMENT
Title Entre progreso y resistencia. Las universidades ante la prueba de la inteligencia artificial
260 ## - PUBLICATION, DISTRIBUTION, ETC.
Date of publication, distribution, etc. 2026.<br/>
500 ## - GENERAL NOTE
General note 91
520 ## - SUMMARY, ETC.
Summary, etc. En la era de la inteligencia artificial (IA), las universidades atraviesan una profunda transformación, especialmente en Francia, marcada por una alternancia entre innovaciones prometedoras y preocupaciones éticas. Gracias a la personalización de los contenidos y a la automatización de la evaluación, la IA facilita la adquisición de conocimientos por parte del estudiantado y refuerza su implicación. Sin embargo, al mismo tiempo genera inquietudes respecto a la preservación de los métodos tradicionales, así como a cuestiones delicadas de confidencialidad, equidad tecnológica y sesgo algorítmico. Este artículo explora las percepciones, expectativas y preocupaciones del alumnado a través de una encuesta realizada a estudiantes de los programas de licenciatura (tercer año) y máster (primer y segundo año). Aunque muchos consideran la IA una herramienta de aprendizaje más eficaz y flexible, otros expresan claramente su malestar ante la posible deshumanización de su formación. El reto de los próximos años será, sin duda, combinar la innovación tecnológica con exigencias educativas sostenibles.
700 10 - ADDED ENTRY--PERSONAL NAME
Personal name Paché, Gilles
Relator term author
786 0# - DATA SOURCE ENTRY
Note La Revue des Sciences de Gestion | 337 | 1 | 2026-02-23 | p. 11-17 | 1160-7742
856 41 - ELECTRONIC LOCATION AND ACCESS
Uniform Resource Identifier <a href="https://shs.cairn.info/revista-revue-des-sciences-de-gestion-2026-1-page-11?lang=es&redirect-ssocas=7080">https://shs.cairn.info/revista-revue-des-sciences-de-gestion-2026-1-page-11?lang=es&redirect-ssocas=7080</a>

Pas d'exemplaire disponible.

PLUDOC

PLUDOC est la plateforme unique et centralisée de gestion des bibliothèques physiques et numériques de Guinée administré par le CEDUST. Elle est la plus grande base de données de ressources documentaires pour les Étudiants, Enseignants chercheurs et Chercheurs de Guinée.

Adresse

627 919 101/664 919 101

25 boulevard du commerce
Kaloum, Conakry, Guinée

Réseaux sociaux

Powered by Netsen Group @ 2025